College Quizbowl Stats
College Quizbowl Stats
Circuits
Seasons
Sets
Records
Detailed Stats
About
Loading...
2024 ARCADIA at Missouri S&T
Tossups
Bonuses
Players
Teams
Categories (Tossup)
Categories (Bonus)
Thomas Thatcher
Truman State A
Categories
Category
Powers
Gets
Negs
BBs
Points
Earliest Buzz
Avg. Buzz
First Buzzes
Top 3 Buzzes
History - Ancient History
1
1
1
0
20
59
98.50
0
2
Beliefs
0
1
0
0
10
87
87.00
1
1
Geography
0
1
0
0
10
113
113.00
0
1
Current Events
0
0
1
0
-5
0.00
0
0
Social Science
0
0
1
0
-5
0.00
0
0
Visual Arts
0
0
1
0
-5
0.00
0
0
Buzzes
Category
Answer
Value
Buzz Position
History - Ancient History
tombs
15
59
History - Ancient History
agora
-5
86
Beliefs
rocks
10
87
Social Science
hiring process
-5
95
Geography
Zagros Mountains
10
113
Current Events
Russia
-5
113
Visual Arts
Sandro Botticelli
-5
125
History - Ancient History
Apollo
10
138
Previous
1
Next